| 000 | 008370000a22002290004500 | ||
|---|---|---|---|
| 020 | _a84-293-1072-X | ||
| 041 | 0 | _aSPA | |
| 082 | 0 | 4 | _aG 290 M8283s |
| 100 | 1 | _aMoraleda, José | |
| 245 | 1 | 0 | _aLas sectas hoy : nuevos movimientos religiosos / José Moraleda |
| 260 | _aSantander : Sal Terrae | ||
| 300 | _a39 p. | ||
| 440 | 0 | _aCol. Cuaderno FyS : Fe y secularidad ; no. 20 | |
| 501 | _arústico | ||
| 505 | 0 | 0 | _a¿Nuevos movimientos religiosos o sectas? - La mundialización de los NMR - Tipología de los NMR - La vuelta de lo sagrado y los NMR - Cambios socioculturales y NMR - Los desafíos de los NMR - Conclusión : Conocer para dialogar |
| 650 | 1 | 4 | _aSECTAS \ RELIGIONES |
| 001 | 18272 | ||
| 942 | _cBK | ||
| 999 |
_c44729 _d44729 |
||
| 336 |
_atexto _btxt _2rdacontent |
||
| 337 |
_2rdamedia _asin mediación _bn |
||
| 338 |
_2rdacarrier _avolumen _bnc |
||